[Event "Rheinland Pfalz op 10th"]
[Site "Nickenich"]
[Date "2018.06.02"]
[Round "5"]
[White "Melnikov, Alexander"]
[Black "Schwab, Thomas"]
[Result "1/2-1/2"]
[WhiteElo "2116"]
[BlackElo "1989"]
[PlyCount "124"]
[EventDate "2018.05.31"]
[EventType "swiss"]
[EventRounds "7"]
[EventCountry "GER"]
[SourceTitle "EXT 2019"]
[Source "ChessBase"]
[SourceDate "2018.10.10"]
[SourceVersion "1"]
[SourceVersionDate "2018.10.10"]
[SourceQuality "1"]

1. c4 Nf6 2. g3 d5 3. Bg2 g6 4. Nf3 Bg7 5. cxd5 Nxd5 6. Nc3 Nxc3 7. bxc3 c5 8. Qa4+ Bd7 9. Qh4 Nc6 10. Rb1 b6 11. d4 e5 12. Bg5 f6 13. Bh6 0-0 14. dxe5 fxe5 15. Qc4+ Kh8 16. Bxg7+ Kxg7 17. Rd1 Qe7 18. Ng5 Rad8 19. Rxd7 Qxd7 20. Ne6+ Kh8 21. Nxd8 Rxd8 22. 0-0 Ne7 23. a4 Nf5 24. a5 Qd2 25. axb6 axb6 26. Qf7 Qd6 27. Ra1 Rf8 28. Qb7 Rb8 29. Qe4 b5 30. Bh3 Ne7 31. Ra6 Qd5 32. Qh4 Ng8 33. Be6 Qb7 34. Rd6 Qe7 35. Qxe7 Nxe7 36. Rd7 Nf5 37. e4 Ng7 38. Bd5 b4 39. cxb4 cxb4 40. Bb3 Ne8 41. Re7 Nd6 42. Rxe5 Kg7 43. Re7+ Kh6 44. e5 Ne4 45. f4 Nd2 46. Bd1 b3 47. g4 g5 48. f5 b2 49. Bc2 Rc8 50. Bd3 Rc3 51. Re6+ Kg7 52. f6+ Kf8 53. Bxh7 b1Q+ 54. Bxb1 Nxb1 55. Rb6 Nd2 56. e6 Rc8 57. Rb7 Ne4 58. Rf7+ Kg8 59. Rg7+ Kh8 60. e7 Nxf6 61. Rxg5 Re8 62. Rf5 Kg7 1/2-1/2

[Event "Rheinland Pfalz op 7th"]
[Site "Frankenthal"]
[Date "2015.06.06"]
[Round "2"]
[White "Scholz, Philipp"]
[Black "Melnikov, Alexander"]
[Result "1/2-1/2"]
[WhiteElo "1942"]
[BlackElo "2126"]
[PlyCount "115"]
[EventDate "2015.06.04"]
[EventType "swiss"]
[EventRounds "7"]
[EventCountry "GER"]
[SourceTitle "EXT 2017"]
[Source "ChessBase"]
[SourceDate "2016.10.25"]
[SourceVersion "1"]
[SourceVersionDate "2016.10.25"]
[SourceQuality "1"]

1. d4 e6 2. c4 b6 3. Nc3 Bb7 4. Bf4 f5 5. e3 Nf6 6. Nf3 Bb4 7. Be2 Ne4 8. Qb3 Nc6 9. 0-0 Bxc3 10. bxc3 g5 11. Bg3 g4 12. Bh4 Ne7 13. Ne5 Nd2 14. Qb5 c6 15. Qb4 Nxf1 16. Kxf1 d6 17. Nd3 Qd7 18. c5 dxc5 19. dxc5 Ng6 20. Bg3 b5 21. Rd1 a5 22. Qb2 Qg7 23. Qb3 Bc8 24. a4 bxa4 25. Qxa4 Bd7 26. Bd6 Kf7 27. Qb3 Rhe8 28. Qb7 Kg8 29. Nf4 Rad8 30. c4 a4 31. Qb4 e5 32. Nh5 Qf7 33. Bc7 Nf8 34. Bxd8 Qxh5 35. Bc7 Qxh2 36. Ke1 Qg1+ 37. Bf1 f4 38. Qc3 g3 39. Rd2 Bh3 40. fxg3 Qxe3+ 41. Qxe3 fxe3 42. Rd3 Bf5 43. Rxe3 e4 44. Be2 Ne6 45. Bd6 Nd4 46. Kd2 Ra8 47. Ra3 Ra7 48. Bd1 e3+ 49. Kxe3 Nc2+ 50. Bxc2 Bxc2 51. Kd4 Rb7 52. Kc3 Bb3 53. Ra1 Rf7 54. Bf4 Re7 55. Kd3 Kg7 56. Rf1 Kg6 57. Bd6 Rb7 58. Kc3 1/2-1/2

[Event "Rheinland Pfalz op 6th"]
[Site "Gau Algesheim"]
[Date "2014.06.21"]
[Round "5"]
[White "Melnikov, Alexander"]
[Black "Bauer, Bjoern Benny"]
[Result "0-1"]
[WhiteElo "2113"]
[BlackElo "1975"]
[PlyCount "94"]
[EventDate "2014.06.19"]
[EventType "swiss"]
[EventRounds "7"]
[EventCountry "GER"]
[SourceTitle "CBM 161 Extra"]
[Source "ChessBase"]
[SourceDate "2014.08.29"]
[SourceVersion "1"]
[SourceVersionDate "2014.08.29"]
[SourceQuality "1"]

1. g3 e5 2. Bg2 d5 3. d4 e4 4. Nc3 Nf6 5. Nh3 Be7 6. 0-0 0-0 7. Bg5 Nbd7 8. e3 Re8 9. f3 exf3 10. Qxf3 c6 11. Rae1 h6 12. Bh4 Nf8 13. Bxf6 Bxf6 14. Nf4 Nh7 15. Nh5 Be6 16. Ne2 Qd7 17. Nc3 Rad8 18. Kh1 Bg4 19. Nxf6+ Nxf6 20. Qf2 Bh3 21. Qf4 Bxg2+ 22. Kxg2 Re6 23. Nd1 Rde8 24. c3 Qe7 25. Qh4 Qc7 26. Qf4 Qa5 27. a3 b5 28. Nf2 Qa4 29. Nd1 a5 30. Kh3 b4 31. axb4 axb4 32. Re2 bxc3 33. Nxc3 Qb4 34. Qf5 Qb8 35. Rfe1 Ne4 36. Nxe4 Rxe4 37. Qd7 Qb5 38. Rf2 R4e7 39. Qf5 Qb7 40. Rfe2 Re4 41. Kg2 R8e6 42. Qh3 c5 43. Qh5 g6 44. Qxh6 cxd4 45. Qg5 dxe3 46. Rxe3 Rxe3 47. Rxe3 d4+ 0-1

[Event "Rheinland Pfalz op 6th"]
[Site "Gau Algesheim"]
[Date "2014.06.19"]
[Round "1"]
[White "Melnikov, Alexander"]
[Black "Michalski, Uwe"]
[Result "1-0"]
[WhiteElo "2113"]
[BlackElo "1784"]
[PlyCount "85"]
[EventDate "2014.06.19"]
[EventType "swiss"]
[EventRounds "7"]
[EventCountry "GER"]
[SourceTitle "CBM 161 Extra"]
[Source "ChessBase"]
[SourceDate "2014.08.29"]
[SourceVersion "1"]
[SourceVersionDate "2014.08.29"]
[SourceQuality "1"]

1. g3 d5 2. Bg2 c5 3. c4 e6 4. Nf3 Nc6 5. 0-0 Nf6 6. cxd5 exd5 7. d4 Qb6 8. dxc5 Bxc5 9. Nc3 Bxf2+ 10. Rxf2 Ng4 11. e3 Nxf2 12. Kxf2 Be6 13. Nd4 0-0 14. Nxd5 Bxd5 15. Bxd5 Rad8 16. Bxc6 bxc6 17. Qb3 Qa6 18. Bd2 c5 19. Nf3 Rd3 20. Bc3 Re8 21. Re1 Qh6 22. Qb5 Red8 23. Qxc5 Qa6 24. a3 R3d5 25. Qc7 h6 26. Qf4 Qg6 27. e4 Qb6+ 28. Qe3 Qxe3+ 29. Rxe3 Rd1 30. Re2 f6 31. Rd2 R1xd2+ 32. Nxd2 Kf7 33. Ke3 Ke6 34. Bd4 Rd7 35. b4 a6 36. Nb3 Rd6 37. a4 g6 38. b5 axb5 39. axb5 Rd8 40. Nc5+ Ke7 41. b6 Rb8 42. Bxf6+ Kd6 43. Be5+ 1-0

[Event "SVR-ch MTA 37th"]
[Site "Heimbach Weis"]
[Date "2014.04.13"]
[Round "4"]
[White "Reifenroether, Michael"]
[Black "Melnikov, Alexander"]
[Result "1-0"]
[WhiteElo "2071"]
[BlackElo "2108"]
[PlyCount "75"]
[EventDate "2014.04.11"]
[EventType "tourn"]
[EventRounds "9"]
[EventCountry "GER"]
[SourceTitle "CBM 160 Extra"]
[Source "ChessBase"]
[SourceDate "2014.07.01"]
[SourceVersion "1"]
[SourceVersionDate "2014.07.01"]
[SourceQuality "1"]

1. d4 d5 2. Nf3 Nf6 3. g3 Bf5 4. Bg2 e6 5. 0-0 Bd6 6. c4 c6 7. Nbd2 0-0 8. b3 Nbd7 9. Bb2 Be4 10. e3 Re8 11. Nxe4 Nxe4 12. Nd2 Nxd2 13. Qxd2 Qg5 14. f4 Qg6 15. Rfe1 f5 16. Bf3 Nf6 17. Qe2 h5 18. Qg2 Be7 19. h4 Ne4 20. Bxe4 fxe4 21. Kh2 Bf6 22. cxd5 exd5 23. Ba3 Be7 24. Bxe7 Rxe7 25. Qe2 Qg4 26. Qxg4 hxg4 27. Rac1 a5 28. Rc5 Kf8 29. Kg2 Ke8 30. h5 Kd7 31. Rh1 Re6 32. Rh4 b6 33. Rc1 c5 34. dxc5 d4 35. exd4 Kc6 36. Rxg4 Kd5 37. Rc4 e3 38. Rg5+ 1-0

[Event "SVR-ch MAT-I 36th"]
[Site "Idar Oberstein"]
[Date "2013.03.30"]
[Round "7"]
[White "Reifenroether, Michael"]
[Black "Melnikov, Alexander"]
[Result "0-1"]
[WhiteElo "2068"]
[BlackElo "2105"]
[PlyCount "50"]
[EventDate "2013.03.23"]
[EventType "tourn"]
[EventRounds "7"]
[EventCountry "GER"]
[SourceTitle "EXT 2014"]
[Source "ChessBase"]
[SourceDate "2013.11.20"]
[SourceVersion "1"]
[SourceVersionDate "2013.11.20"]
[SourceQuality "1"]

1. d4 d5 2. Nf3 Bf5 3. c4 e6 4. Nc3 Nc6 5. cxd5 exd5 6. Bf4 Nf6 7. e3 Bd6 8. Bxd6 Qxd6 9. a3 0-0 10. Be2 Ne4 11. Rc1 Rae8 12. 0-0 a6 13. b4 Re6 14. Re1 Rh6 15. g3 Re8 16. Nd2 Nxf2 17. Qb3 Nh3+ 18. Kg2 Rxe3 19. Bf3 Rhe6 20. Rxe3 Rxe3 21. Qxd5 Qg6 22. Kh1 Nf2+ 23. Kg1 Nd3 24. Rf1 Nf4 25. Qc5 Ne6 0-1

[Event "SVR-ch MAT-I 36th"]
[Site "Idar Oberstein"]
[Date "2013.03.23"]
[Round "2"]
[White "Melnikov, Alexander"]
[Black "Roos, Thomas"]
[Result "1/2-1/2"]
[WhiteElo "2105"]
[BlackElo "2197"]
[PlyCount "79"]
[EventDate "2013.03.23"]
[EventType "tourn"]
[EventRounds "7"]
[EventCountry "GER"]
[SourceTitle "EXT 2014"]
[Source "ChessBase"]
[SourceDate "2013.11.20"]
[SourceVersion "1"]
[SourceVersionDate "2013.11.20"]
[SourceQuality "1"]

1. d4 Nf6 2. Nf3 d6 3. Nc3 Bf5 4. Nh4 Bg6 5. Nxg6 hxg6 6. e4 e6 7. Be3 Be7 8. Qf3 d5 9. e5 Nfd7 10. Bd3 Nc6 11. Ne2 Nb4 12. Rd1 c5 13. c3 cxd4 14. Bxd4 Nxd3+ 15. Qxd3 Qc7 16. f4 Nc5 17. Bxc5 Bxc5 18. Nd4 Rc8 19. 0-0 0-0 20. Qg3 Rfd8 21. Rf3 Qe7 22. Rfd3 Rc7 23. Kf1 Bxd4 24. Rxd4 Rdc8 25. Qf2 Rc4 26. g3 b6 27. Ke2 Qb7 28. Kf3 Qa6 29. a3 Qb7 30. h4 Rxd4 31. Rxd4 Rc4 32. Rxc4 dxc4+ 33. Ke3 Qh1 34. Qd2 Qg1+ 35. Kf3 Qf1+ 36. Kg4 Kh7 37. Qd7 Qe2+ 38. Kh3 Qf1+ 39. Kg4 Qe2+ 40. Kh3 1/2-1/2

[Event "SVR-ch MTB 35th"]
[Site "Nickenich"]
[Date "2012.04.06"]
[Round "8"]
[White "Melnikov, Alexander"]
[Black "Kutzner, Stephen"]
[Result "1/2-1/2"]
[WhiteElo "2010"]
[BlackElo "1969"]
[PlyCount "135"]
[EventDate "2012.03.30"]
[EventType "tourn"]
[EventRounds "9"]
[EventCountry "GER"]
[SourceTitle "EXT 2013"]
[Source "ChessBase"]
[SourceDate "2012.11.22"]
[SourceVersion "1"]
[SourceVersionDate "2012.11.22"]
[SourceQuality "1"]

1. c4 e6 2. Nf3 d5 3. d4 Nf6 4. cxd5 exd5 5. Bg5 Bf5 6. Qb3 b6 7. e3 Be7 8. Nc3 c6 9. Rc1 0-0 10. Ne5 Re8 11. Bd3 Bc8 12. 0-0 Bb7 13. Qc2 h6 14. Bxf6 Bxf6 15. Bh7+ Kf8 16. Qf5 Bc8 17. Qf3 Bxe5 18. dxe5 Rxe5 19. Rfd1 Nd7 20. e4 Nf6 21. exd5 cxd5 22. Qf4 Qd6 23. Qg3 Ba6 24. Bd3 Bxd3 25. Qxd3 Rae8 26. h3 Qb4 27. Qd2 Kg8 28. a3 Qe7 29. Qf4 a6 30. Qa4 Qb7 31. Qd4 Qb8 32. Qd3 b5 33. Qd4 R8e7 34. Ra1 Qe8 35. Kf1 Ne4 36. Nxe4 dxe4 37. Qd8 e3 38. Qxe8+ Rxe8 39. fxe3 Rxe3 40. Rd2 R3e6 41. Rc1 R8e7 42. Kf2 f5 43. Rc5 g6 44. a4 bxa4 45. Ra5 Rb7 46. Rxa4 Reb6 47. b4 Kf7 48. Rda2 Rxb4 49. Rxa6 Rb2+ 50. Rxb2 Rxb2+ 51. Kf3 Rb3+ 52. Kf2 Rb4 53. Kf3 Re4 54. g4 Re6 55. Ra8 fxg4+ 56. hxg4 Rb6 57. Ra3 Kf6 58. Kg3 Rb5 59. Ra6+ Kg5 60. Ra3 Rc5 61. Rb3 h5 62. gxh5 Kxh5 63. Ra3 Rg5+ 64. Kh3 Rg1 65. Ra5+ g5 66. Rb5 Ra1 67. Rb3 Ra4 68. Kg3 1/2-1/2

[Event "SVR-ch MTB 35th"]
[Site "Nickenich"]
[Date "2012.04.01"]
[Round "5"]
[White "Fink, Christian"]
[Black "Melnikov, Alexander"]
[Result "0-1"]
[WhiteElo "2100"]
[BlackElo "2010"]
[PlyCount "70"]
[EventDate "2012.03.30"]
[EventType "tourn"]
[EventRounds "9"]
[EventCountry "GER"]
[SourceTitle "EXT 2013"]
[Source "ChessBase"]
[SourceDate "2012.11.22"]
[SourceVersion "1"]
[SourceVersionDate "2012.11.22"]
[SourceQuality "1"]

1. e4 c5 2. d3 e6 3. g3 d5 4. Nd2 Be7 5. Ne2 b6 6. Bg2 Nf6 7. 0-0 Bb7 8. h3 Qc7 9. f4 Nc6 10. e5 Nd7 11. c3 g5 12. Nf3 gxf4 13. Bxf4 0-0-0 14. d4 h5 15. Rf2 Rdf8 16. Bg5 f6 17. Nf4 fxg5 18. Nxe6 Qb8 19. Nxf8 Rxf8 20. Qd2 g4 21. Ng5 cxd4 22. cxd4 Rxf2 23. Kxf2 Ndxe5 24. Bxd5 Nf3 25. Nxf3 gxf3 26. Qh6 Qd6 27. Qxh5 Qb4 28. Qg4+ Kb8 29. Qg8+ Kc7 30. Kxf3 Nxd4+ 31. Kg4 Ne6+ 32. Kf5 Bxd5 33. Rc1+ Bc5 34. Qf7+ Kd6 35. Kg6 Be4+ 0-1

[Event "SVR-ch MTB 34th"]
[Site "Reil"]
[Date "2011.04.21"]
[Round "6"]
[White "Melnikov, Alexander"]
[Black "Roos, Christoph"]
[Result "1-0"]
[WhiteElo "2062"]
[BlackElo "2100"]
[PlyCount "103"]
[EventDate "2011.04.15"]
[EventType "tourn"]
[EventRounds "9"]
[EventCountry "GER"]
[SourceTitle "EXT 2013"]
[Source "ChessBase"]
[SourceDate "2012.11.22"]
[SourceVersion "1"]
[SourceVersionDate "2012.11.22"]
[SourceQuality "1"]

1. c4 e5 2. Nc3 Bb4 3. e4 Bxc3 4. bxc3 Nc6 5. Nf3 d6 6. Be2 f5 7. Qc2 fxe4 8. Qxe4 Nf6 9. Qh4 e4 10. Nd4 Ne5 11. 0-0 c5 12. Nc2 Be6 13. f3 exf3 14. Bxf3 Nxf3+ 15. Rxf3 Qd7 16. Ne3 0-0-0 17. a4 Rhg8 18. d3 Rdf8 19. Bd2 g5 20. Qf2 Qg7 21. Rf1 Nd7 22. Nf5 Bxf5 23. Rxf5 h6 24. a5 Rxf5 25. Qxf5 Rf8 26. Qe6 Rxf1+ 27. Kxf1 Kc7 28. Ke2 Ne5 29. d4 Qf7 30. Qxf7+ Nxf7 31. Kf3 Kd7 32. Ke4 Ke6 33. Bc1 h5 34. h3 cxd4 35. cxd4 a6 36. Bd2 Kf6 37. Kd5 Ke7 38. c5 dxc5 39. Kxc5 Kd7 40. Kb6 Kc8 41. d5 Nd6 42. Bxg5 Nc4+ 43. Kc5 Nxa5 44. g4 hxg4 45. hxg4 Kd7 46. Bf4 b5 47. g5 Nc4 48. g6 Ke7 49. Bg5+ Kf8 50. Bf6 Nd2 51. Kc6 Ne4 52. Ba1 1-0

[Event "Rheinland Pfalz op 2nd"]
[Site "Schweich"]
[Date "2010.07.18"]
[Round "6"]
[White "Decrouppe, Johann"]
[Black "Melnikov, Alexander"]
[Result "0-1"]
[WhiteElo "1705"]
[BlackElo "2072"]
[PlyCount "96"]
[EventDate "2010.07.16"]
[EventType "swiss"]
[EventRounds "7"]
[EventCountry "GER"]
[SourceTitle "EXT 2012"]
[Source "ChessBase"]
[SourceDate "2011.11.24"]
[SourceVersion "1"]
[SourceVersionDate "2011.11.24"]
[SourceQuality "1"]

1. c4 f5 2. e3 g6 3. Ne2 Bg7 4. g3 Nf6 5. Bg2 d6 6. 0-0 e5 7. Nbc3 c6 8. d3 Be6 9. Bd2 0-0 10. Rb1 d5 11. cxd5 cxd5 12. d4 e4 13. Nf4 Bf7 14. Rc1 Nc6 15. a3 Qd7 16. b4 Ne8 17. h4 Bh6 18. Nce2 Nd6 19. Rc2 Ne7 20. Qb1 Rac8 21. Rxc8 Rxc8 22. Rc1 Nc4 23. Qa2 Bxf4 24. Nxf4 Qa4 25. Rc2 Nxd2 26. Rxc8+ Nxc8 27. Qxd2 Nd6 28. Qc3 Nc4 29. Bf1 Qxa3 30. Qxa3 Nxa3 31. Ng2 Be8 32. Ne1 Kf7 33. Be2 Ke6 34. f3 Ba4 35. fxe4 dxe4 36. Kf2 Bb5 37. Bd1 Kd5 38. Bb3+ Bc4 39. Ba4 b5 40. Bd1 Nb1 41. g4 Nc3 42. Bc2 fxg4 43. Kg3 Na2 44. Kf4 Nxb4 45. Bxe4+ Ke6 46. Kxg4 Nd5 47. Nc2 a5 48. h5 Nf6+ 0-1

[Event "SVR-ch MTB 33rd"]
[Site "Mendig"]
[Date "2010.04.01"]
[Round "7"]
[White "Melnikov, Alexander"]
[Black "Schluenss, Florian"]
[Result "1/2-1/2"]
[WhiteElo "2093"]
[BlackElo "2019"]
[PlyCount "94"]
[EventDate "2010.03.26"]
[EventType "tourn"]
[EventRounds "9"]
[EventCountry "GER"]
[SourceTitle "EXT 2011"]
[Source "ChessBase"]
[SourceDate "2010.11.26"]
[SourceVersion "1"]
[SourceVersionDate "2010.11.26"]
[SourceQuality "1"]

1. e4 c6 2. d4 d5 3. e5 c5 4. dxc5 Nc6 5. Nf3 Bg4 6. Bb5 e6 7. Qd4 Qa5+ 8. Nc3 Bxf3 9. Bxc6+ bxc6 10. b4 Qc7 11. gxf3 Ne7 12. Rb1 Nf5 13. Qf4 a5 14. a3 axb4 15. axb4 g5 16. Qxg5 Qxe5+ 17. Ne2 Nd4 18. Qxe5 Nxf3+ 19. Kf1 Nxe5 20. Bb2 f6 21. f4 Nc4 22. Bxf6 Rg8 23. Bc3 Ra2 24. Nd4 Ne3+ 25. Kf2 Nxc2 26. Ne2 Bg7 27. Bxg7 Rxg7 28. Rhd1 Ra4 29. Rb2 Nxb4 30. Rd4 Rb7 31. Kg2 Ra2 32. Rdd2 Rxb2 33. Rxb2 Rg7+ 34. Kf3 Nd3 35. Rb8+ Kf7 36. Rb6 Nxc5 37. Nd4 Ne4 38. Rxc6 Rg6 39. Rc7+ Kf6 40. Rxh7 e5 41. fxe5+ Kxe5 42. Ke3 Kf6 43. Ne2 Rg7 44. Rh8 Re7 45. Kd4 Kg7 46. Rh4 Nf6 47. Ng3 Re1 1/2-1/2

[Event "SVR-op 31th"]
[Site "Idar Oberstein"]
[Date "2008.03.21"]
[Round "6"]
[White "Ehlen, Ralf"]
[Black "Melnikov, Alexander"]
[Result "0-1"]
[WhiteElo "1685"]
[BlackElo "2058"]
[PlyCount "64"]
[EventDate "2008.03.15"]
[EventType "tourn"]
[EventRounds "7"]
[EventCountry "GER"]
[SourceTitle "EXT 2009"]
[Source "ChessBase"]
[SourceDate "2008.11.26"]
[SourceVersion "1"]
[SourceVersionDate "2008.11.26"]
[SourceQuality "1"]

1. e4 e6 2. d4 d5 3. exd5 exd5 4. Nf3 Nf6 5. Bg5 Be7 6. Bd3 0-0 7. 0-0 Be6 8. c3 Nbd7 9. Qc2 h6 10. Bf4 c5 11. dxc5 Nxc5 12. Nbd2 Rc8 13. Bf5 Nh5 14. Be3 Bd6 15. Bd4 Nf4 16. Bxc5 Bxc5 17. Nb3 Bb6 18. g3 Nh3+ 19. Kg2 Ng5 20. Bxe6 fxe6 21. Ne5 d4 22. f3 Qc7 23. f4 Rf5 24. Rae1 Rxe5 25. fxg5 Qc6+ 26. Kh3 Rxg5 27. Qe2 dxc3 28. bxc3 e5 29. Nd2 Qe6+ 30. Kg2 Qxa2 31. h4 Rg6 32. Qd3 Rgc6 0-1

[Event "SVR-ch MAT-B"]
[Site "Hoehr-Grenzhausen"]
[Date "2004.??.??"]
[Round "?"]
[White "Braemigk, Uwe"]
[Black "Melnikov, Alexander"]
[Result "1-0"]
[WhiteElo "1975"]
[BlackElo "1985"]
[PlyCount "147"]
[EventDate "2004.??.??"]
[EventType "tourn"]
[EventRounds "9"]
[EventCountry "GER"]
[SourceTitle "EXT 2009"]
[Source "ChessBase"]
[SourceDate "2008.11.26"]
[SourceVersion "1"]
[SourceVersionDate "2008.11.26"]
[SourceQuality "1"]

1. f4 e5 2. fxe5 d6 3. exd6 Bxd6 4. Nf3 g5 5. g3 g4 6. Nh4 Ne7 7. d4 Ng6 8. Nxg6 hxg6 9. Qd3 Qe7 10. Bg2 Nc6 11. c3 Bd7 12. Nd2 0-0-0 13. 0-0 f5 14. Rf2 g5 15. Nf1 Rde8 16. e3 Rhf8 17. Bd2 Qh7 18. Re1 Ne7 19. c4 c6 20. b4 Ng8 21. c5 Bc7 22. a4 Nf6 23. b5 Ne4 24. Rfe2 Rf6 25. Bc3 Rh6 26. Rb1 Rh3 27. Be1 Rh8 28. Bxe4 fxe4 29. Qb3 Rf8 30. Rbb2 Qg6 31. Qc2 Rh7 32. Nd2 Rhf7 33. Rf2 Rxf2 34. Bxf2 Re8 35. Nc4 Kd8 36. Be1 Ke7 37. b6 axb6 38. cxb6 Bb8 39. Bb4+ Kf7 40. Qf2+ Kg7 41. a5 Be6 42. Qf1 Bd5 43. Rf2 Qe6 44. Nd2 Bd6 45. Bc5 Bxc5 46. dxc5 Ra8 47. Qa1+ Kg8 48. Qc3 Kh7 49. Nb1 Kg6 50. Na3 Ba2 51. Nc2 Bb1 52. Nd4 Qe5 53. Rf5 Qe7 54. Qe1 Bd3 55. Qc3 Bb5 56. Rf2 Ba6 57. Qb3 Re8 58. Kg2 Bd3 59. Qc3 Qg7 60. Qb2 Ra8 61. Rf5 Qd7 62. Qf2 Qe7 63. Qe1 Qd7 64. Qc3 Bb5 65. Rf2 Ba6 66. Nf5 Re8 67. Nd6 Re6 68. Qh8 Qg7 69. Qxg7+ Kxg7 70. Rf7+ Kg6 71. Rxb7 Bxb7 72. Nxb7 Re5 73. a6 Rd5 74. a7 1-0

[Event "SVR-ch MAT-B"]
[Site "Hoehr-Grenzhausen"]
[Date "2004.??.??"]
[Round "?"]
[White "Melnikov, Alexander"]
[Black "Zirwes, Hans Juergen"]
[Result "1-0"]
[WhiteElo "1985"]
[BlackElo "1800"]
[PlyCount "129"]
[EventDate "2004.??.??"]
[EventType "tourn"]
[EventRounds "9"]
[EventCountry "GER"]
[SourceTitle "EXT 2009"]
[Source "ChessBase"]
[SourceDate "2008.11.26"]
[SourceVersion "1"]
[SourceVersionDate "2008.11.26"]
[SourceQuality "1"]

1. e4 c5 2. d3 Nc6 3. Be2 g6 4. Be3 d6 5. Nf3 Bg7 6. c3 b6 7. d4 e6 8. 0-0 Qc7 9. Na3 a6 10. Rc1 Bb7 11. b4 Rd8 12. Qc2 cxb4 13. cxb4 Qd7 14. Qb1 b5 15. Rfe1 Nge7 16. Nc2 0-0 17. Red1 d5 18. e5 Nf5 19. Bf4 Rc8 20. g4 Nfe7 21. g5 Rc7 22. Na1 Rfc8 23. Nb3 Qd8 24. Nc5 Nf5 25. Kg2 Bf8 26. Rc2 h6 27. gxh6 Nh4+ 28. Kh3 Nxf3 29. Bxf3 Kh7 30. a3 Ba8 31. Qc1 a5 32. Qd2 axb4 33. axb4 Ra7 34. Rdc1 Ra3 35. Rc3 Rxc3 36. Qxc3 Bxc5 37. bxc5 b4 38. Qd2 Qa5 39. Bg5 f5 40. exf6 Rf8 41. Qe3 Qa3 42. Kg2 Qxe3 43. fxe3 Kg8 44. Bd1 Nd8 45. h4 Nf7 46. Ra1 Bc6 47. Ra6 Rc8 48. Rb6 Kh7 49. Rxb4 Nxh6 50. Ba4 Bxa4 51. Rxa4 Nf7 52. Kf3 e5 53. Ra7 Kg8 54. Rd7 exd4 55. exd4 Rxc5 56. dxc5 Ne5+ 57. Ke3 Nxd7 58. Kd4 Kf7 59. Kxd5 Ke8 60. Kd6 Nf8 61. c6 Kf7 62. c7 Ne6 63. c8Q Nxg5 64. Qd7+ Kxf6 65. Qd8+ 1-0

[Event "SVR-ch MAT-B"]
[Site "Hoehr-Grenzhausen"]
[Date "2004.??.??"]
[Round "?"]
[White "Schluenss, Florian"]
[Black "Melnikov, Alexander"]
[Result "0-1"]
[WhiteElo "1770"]
[BlackElo "1985"]
[PlyCount "76"]
[EventDate "2004.??.??"]
[EventType "tourn"]
[EventRounds "9"]
[EventCountry "GER"]
[SourceTitle "EXT 2009"]
[Source "ChessBase"]
[SourceDate "2008.11.26"]
[SourceVersion "1"]
[SourceVersionDate "2008.11.26"]
[SourceQuality "1"]

1. c4 d6 2. Nc3 c5 3. g3 g6 4. Nf3 Bg7 5. Bg2 Nc6 6. 0-0 e5 7. d3 Nge7 8. e4 0-0 9. a3 h6 10. Be3 Nd4 11. Bxd4 cxd4 12. Ne2 Bd7 13. b4 Qc8 14. Nd2 Bh3 15. Rc1 a5 16. b5 b6 17. a4 h5 18. Kh1 Bh6 19. Rc2 Kg7 20. Bxh3 Qxh3 21. Ng1 Qd7 22. Ndf3 f5 23. Qe2 f4 24. Kg2 Rf7 25. Qd1 Raf8 26. h4 Ng8 27. Nh2 Nf6 28. f3 fxg3 29. Kxg3 Bf4+ 30. Kg2 Bxh2 31. Kxh2 Ng4+ 32. Kg3 Ne3 33. Qe2 Nxf1+ 34. Qxf1 Qg4+ 35. fxg4 Rxf1 36. Nh3 R1f3+ 37. Kg2 Rxd3 38. Ng5 Rf6 0-1